00380 2200157 4500001002100000005001500021035002000036245003300056100001600089300002600105260003500131082000800166084001400174020002200188990001200210INLIS00000000000299620250918083431 a0010-09250003431 aTentang Cinta /cRisna Utami0 aRisna Utami a340 hlm ;c13 x 19 cm aJakarta :bRumah Oranye,c2014 a813 a813 RIS t a978-602-1588-43-7 a0755637